000 00381 a2200157 4500
001 63986
020 _a85-249-0032-6 (broch.)
040 _cAnchieta - Pituba
100 _aPinto, Álvaro Vieira
240 1 0 _aA questão da universidade
_lpor
245 1 0 _aA questão da universidade
300 _a102p.
362 0 _a1986
650 4 _a.Ensino Superior no Brasil
942 _cBK
999 _c63986
_d63986